000 00501nam a2200181Ia 4500
003 GCL
008 140319s9999 xx 000 0 eng d
040 _aGCL /
_cGCL
082 0 4 _a809
_bB R
100 1 _aBOURDIEU, PIERRE
245 1 0 _aTHE RULES OF ART: GENESIS AND STRUCTURE OF THE LITERARY FIELD /
_cBOURDIEU, PIERRE
700 1 _aEMANUAL, SUSAN
260 _a[S.N] :
_bPOLITY PRESS ،
_c1996
300 _a410 P
650 0 4 _aLITERATURE
650 0 4 _aLITERATURE - CRITICISM
942 _2ddc
_cBK
999 _c15389
_d15389